Pensamiento jurídico contemporáneo : (Registro nro. 326468)
[ vista simple ]
| 000 -ENCABEZADO | |
|---|---|
| Número de control [NR] | 01839nam a22002897a 4500 |
| 005 - FECHA Y HORA DE LA ÚLTIMA TRANSACCIÓN | |
| control field | 20260601112340.0 |
| 008 - DE LONGITUD FIJA DE DATOS DE ELEMENTOS - INFORMACIÓN GENERAL | |
| Elementos de longitud fija [NR] | 260601t2026 |||||||| |||| 00| 0 spa d |
| 020 ## - NUMERO INTERNACIONAL NORMALIZADO PARA LIBROS [R] | |
| Número Internacional Normalizado del libro [NR] | 9789585007147 |
| 040 ## - FUENTE DE CATALOGACION [NR] | |
| Agencia de catalogación original [NR] | CO-BoUCM |
| Idioma de catalogación [NR] | spa |
| Quien Cataloga | Stefania Borbon |
| Quien Clasifica | Stefania Borbon |
| 041 ## - CODIGO DE IDIOMA [R] | |
| Código de idioma para texto/pista de sonido o título separado [R] | Español |
| 245 ## - MENCION DE TITULO [NR] | |
| Título [NR] | Pensamiento jurídico contemporáneo : |
| Parte restante del título [NR] | reflexiones sobre conceptos y prácticas del derecho / |
| Mención de responsabilidad, etc. [NR] | Indira Latorre, editora académica |
| 260 ## - PUBLICACION, DISTRIBUCION, ETC. (PIE DE IMPRENTA) [R] | |
| Lugar de publicación, distribución, etc. [R] | Bogotá D. C., Colombia : |
| Nombre del editor, distribuidor, etc. [R] | Universidad del Rosario, |
| Fecha de publicación, distribución, etc. [R] | 2026 |
| 300 ## - DESCRIPCION FISICA [R] | |
| Extensión [R] | x, 295 páginas |
| 504 ## - NOTA DE BIBLIOGRAFIA, ETC. [R] | |
| Nota de bibliografía, etc. [NR] | Incluye referencias bibliográficas |
| 520 3# - NOTA DE RESUMEN, ETC. [R] | |
| Nota de sumario, etc. [NR] | Compilación de artículos de investigación jurídica que analiza de forma crítica las fisuras, tensiones e insuficiencias en las teorías y marcos normativos del derecho contemporáneo. La obra se divide en dos secciones principales: la primera aborda reflexiones teóricas y alcances de los marcos conceptuales (tales como la autonomía de la voluntad, los derechos humanos y la tridivisión de poderes), mientras que la segunda parte se enfoca en la práctica del derecho ante problemáticas transversales modernas, incluyendo la gobernanza regulatoria, la legitimidad judicial, el derecho ambiental, la inteligencia artificial en la administración pública y los mecanismos alternativos de solución de conflictos. |
| 650 #4 - ASIENTO SECUNDARIO DE MATERIA - TERMINO TEMATICO [R] | |
| Término temático o nombre geográfico como elemento de entrada [NR] | Filosofía del derecho |
| 9 (RLIN) | 15792 |
| 650 #4 - ASIENTO SECUNDARIO DE MATERIA - TERMINO TEMATICO [R] | |
| Término temático o nombre geográfico como elemento de entrada [NR] | Derecho y sociedad |
| 9 (RLIN) | 12849 |
| 650 #4 - ASIENTO SECUNDARIO DE MATERIA - TERMINO TEMATICO [R] | |
| Término temático o nombre geográfico como elemento de entrada [NR] | Administración pública |
| Subdivisión general [R] | Innovaciones tecnológicas |
| 9 (RLIN) | 154280 |
| 650 #4 - ASIENTO SECUNDARIO DE MATERIA - TERMINO TEMATICO [R] | |
| Término temático o nombre geográfico como elemento de entrada [NR] | Derechos humanos |
| 9 (RLIN) | 7499 |
| 700 1# - ASIENTO SECUNDARIO - NOMBRE PERSONAL [R] | |
| Nombre personal [NR] | Rojas Villamil, Héctor David |
| 9 (RLIN) | 189557 |
| 700 1# - ASIENTO SECUNDARIO - NOMBRE PERSONAL [R] | |
| Nombre personal [NR] | Restrepo Medina, Manuel Alberto |
| 9 (RLIN) | 45410 |
| 700 1# - ASIENTO SECUNDARIO - NOMBRE PERSONAL [R] | |
| Nombre personal [NR] | Triana Ancinez, Bryan |
| 9 (RLIN) | 189558 |
| 700 1# - ASIENTO SECUNDARIO - NOMBRE PERSONAL [R] | |
| Nombre personal [NR] | Gómez Rey, Andrés |
| 9 (RLIN) | 47853 |
| 710 2# - ASIENTO SECUNDARIO - NOMBRE CORPORATIVO [R] | |
| Nombre corporativo o de jurisdicción como elemento de entrada [NR] | Universidad del Rosario |
| 9 (RLIN) | 28209 |
| 942 ## - ELEMENTOS DE ENTRADA AGREGADOS (KOHA) | |
| Sistema de clasificación | DEWEY |
| Tema principal | Derecho |
| Tipo de ítem principal el descrito en 300a | Libro |
| Edición | 1 |
| Clasificación | 340.1 |
| Parte restante de la signatura top. | L356p |
| Total préstamos | Signatura topográfica | Código de barras | Última vez visto | Ejemplar | Price effective from | Tipo de ítem | Nota pública (OPAC) | Perdido | Sistema de clasificación | Dañado | No prestable | Tipo de ítem específico | Suprimido | Ubicación habitual | Ubicación actual | Localización | Fecha de creación | Forma de adquisición | Costo | Fecha de último préstamo |
|---|---|---|---|---|---|---|---|---|---|---|---|---|---|---|---|---|---|---|---|---|
| 340.1 L356p | 100175322 | 01/06/2026 | Ej.1 | 01/06/2026 | Edición Rosarista | Ed. Rosaristas | DEWEY | Libro Edición Rosarista | Claustro | Claustro | 4to piso | 01/06/2026 | Compra | 31200.00 | ||||||
| 340.1 L356p | 100175321 | 04/06/2026 | Ej.2 | 01/06/2026 | Libro | DEWEY | Libro | Claustro | Claustro | 3er piso | 01/06/2026 | Compra | 31200.00 | |||||||
| 1 | 340.1 L356p | 100175320 | 17/06/2026 | Ej.3 | 01/06/2026 | Libro | DEWEY | Libro | Claustro | Claustro | 3er piso | 01/06/2026 | Compra | 31200.00 | 01/06/2026 |